000 00752nam a22001817a 4500
999 _c80580
_d80580
008 201130b ||||| |||| 00| 0 eng d
040 _bger
_cSTAFF
_erda
_aSTAFF
041 _ager
100 _aSchröder, Dietrich:
245 _aKaum Kontrollen an der Grenze zu Polen.
_bQuarantäne: Die Brandenburger sind aufgerufen, wegen Corona nicht mehr im Nachbarland einzukaufen. Aber wird überprüft, ob sich alle daran halten?/
_cDietrich Schröder
651 _aFrankfurt (Oder)
653 _aPandemie / Covid-19
773 _dFrankfurt (Oder): Märkisches Verlags- und Druckhaus GmbH & Co KG
_g32. Jahrgang (2021) Nr. 9 vom 12.01.2021, S. 7
_tMärkische Oderzeitung
942 _cA